Piskorski, Jan M., 1956-. Pomorze plemienne. - Poznań [u.a.] : Sorus. - 2002 [Rezension]

Titel: Piskorski, Jan M., 1956-. Pomorze plemienne. - Poznań [u.a.] : Sorus. - 2002 [Rezension]
Verfasser:
In: Slavia Occidentalis, Band 60 (2003), Seite 144-148
alle Artikel anzeigen
Veröffentlicht: 2003
Format: Aufsatz
Sprache: Polnisch
Kein Bild verfügbar
X
alg: 39474250
001A    $01999:12-11-16 
001B    $01999:03-08-21 $t21:01:01.000 
001D    $01999:12-11-16 
001U    $0utf8 
001X    $00 
002@    $0Aox 
003@    $0394742508 
007A    $0394742508 $aHEB 
007T    $0Herd73409 
010@    $apol 
011@    $a2003 
021A    $aPiskorski, Jan M., 1956-. Pomorze plemienne. - Poznań {[u.a.] : Sorus. -  2002 [Rezension] 
028A    $#Feleszko, Ewa Rzetelska- $#Feleszko, Ewa R.- $7121083098 $8Rzetelska-Feleszko, Ewa$Z1932-2009 [Tp1] $9088027392 
031A    $d60 $h144-148 $j2003 
039B    $aIn $8--Abvc--. Slavia Occidentalis. - Poznań : Wydawn. PTPN, 1921-. - ISSN 0081-0002 $x200300000600000856 $9047502010 
039T    $8--Aau--Piskorski, Jan M.$Z1956- [Tp1]. Pomorze plemienne. - Poznań {[u.a.] : Sorus, 2002. - 308 S.. - graph. Darst., Kt.. - ISBN 83-87133-80-9 $9110295145 
045F    $a900.94382 $eDDC23BSB 
045F/01 $a900 
045F/03 $g4382 
045F/03 $g43832 
045F/03 $g43816 
045T    $a8,1 $a7,41 $a7,39 

lok: 39474250 78

exp: 39474250 78 1 #EPN
201B/01 $018-11-16 $t12:35:06.000 
201U/01 $0utf8 
203@/01 $0791041115 
208@/01 $a12-11-16 $be 
209A/01 $a/ $f000 $x00 
220C/01 $aTitelaufnehmer: cs 
244Z/01 $2Trx $#Prusy Wschodnie i Zachodnie $8--Trx--Ost- und Westpreußen $x01 $939113373X 
244Z/01 $2Trx $#Pomeranija $#Pommern $#Pomoransko $#Pomořansko $#Hinterpommern;Vorpommern;Mittelpommern $#Pomorze Środkowe;Pomorze Przednie $#Pomořansko;Západní Pomořany; Pomořany $8--Trx--Pomorze Zachodnie $x02 $9391303775 
244Z/01 $2Trx $#arvustused $#recenzijos $#Reviews $#recenziók $#recenzje $#recenzie $#recenze $8--Trx--Rezensionen $x03 $9391357441 
247C/01 $82080>Marburg/Lahn, Herder-Institut, Forschungsbibliothek, Bibliographieportal $9336309341
LEADER 00000caa a22000002c 4500
001 394742508
003 DE-603
005 20210803210101.0
007 tu
008 161112s2003 xx |||| | u00||u|pol c
035 |a (DE-599)HEB394742508 
040 |a DE-603  |b ger  |c DE-603  |d DE-603 
041 |a pol 
082 0 4 |8 1\u  |a 900.94382  |q DE-101  |2 23/BSB 
084 |a 8,1  |a 7,41  |a 7,39  |2 ssgn 
085 |8 1\u  |b 900 
085 |8 1\u  |z 2  |s 4382 
085 |8 1\u  |z 2  |s 43832 
085 |8 1\u  |z 2  |s 43816 
100 1 |a Rzetelska-Feleszko, Ewa  |d 1932-2009  |0 (DE-603)088027392  |0 (DE-588)121083098  |2 gnd 
245 0 0 |a Piskorski, Jan M., 1956-. Pomorze plemienne. - Poznań ˜[u.a.] œ: Sorus. - 2002 [Rezension] 
264 0 |c 2003 
773 0 8 |i In  |t Slavia Occidentalis  |d Poznań : Wydawn. PTPN, 1921-  |x 0081-0002  |g Band 60 (2003), Seite 144-148  |w (DE-603)047502010  |w (DE-600)339118-8 
787 0 8 |i Rezension von  |a Piskorski, Jan M., 1956-  |t Pomorze plemienne  |d Poznań ˜[u.a.] œ: Sorus, 2002  |h 308 S., graph. Darst., Kt.  |z 8387133809  |z 8386136219  |z 837063348X  |w (DE-603)110295145 
924 0 |9 2080  |a (DE-603)791041115  |b DE-2080  |c HES  |d d  |g /